To a friend : (Запис № 558097)

МАРК-запис
000 -LEADER
fixed length control field 01299nam a2200301 a 4500
001 - CONTROL NUMBER
control field tofriendsunnytho00begg
003 - CONTROL NUMBER IDENTIFIER
control field CaSfIA
005 - DATE AND TIME OF LATEST TRANSACTION
control field 20210119103210.0
007 - PHYSICAL DESCRIPTION FIXED FIELD--GENERAL INFORMATION
fixed length control field cr||||
008 - FIXED-LENGTH DATA ELEMENTS--GENERAL INFORMATION
fixed length control field 900131s1989 nyua 000 0 eng
010 ## - LIBRARY OF CONGRESS CONTROL NUMBER
LC control number 88063460
040 ## - CATALOGING SOURCE
Original cataloging agency DLC
Transcribing agency DLC
Modifying agency BTCTA
-- BAKER
-- YDXCP
-- CaSfIA
020 ## - INTERNATIONAL STANDARD BOOK NUMBER
International Standard Book Number 0880885386
020 ## - INTERNATIONAL STANDARD BOOK NUMBER
International Standard Book Number 9780880885386
035 ## - SYSTEM CONTROL NUMBER
System control number (OCoLC)21078195
050 00 - LIBRARY OF CONGRESS CALL NUMBER
Classification number PN6271
Item number .B4 1989
082 00 - DEWEY DECIMAL CLASSIFICATION NUMBER
Classification number 818/.5402
Edition number 20
100 1# - MAIN ENTRY--PERSONAL NAME
Personal name Beggs, Jim.
245 10 - TITLE STATEMENT
Title To a friend :
Medium [electronic resource]
Remainder of title sunny thoughts for Monday moods /
Statement of responsibility, etc by Jim Beggs.
260 ## - PUBLICATION, DISTRIBUTION, ETC. (IMPRINT)
Place of publication, distribution, etc White Plains, N.Y. :
Name of publisher, distributor, etc P. Pauper Press,
Date of publication, distribution, etc c1989.
300 ## - PHYSICAL DESCRIPTION
Extent 1 v. (unpaged) :
Other physical details ill. ;
Dimensions 20 cm.
506 ## - RESTRICTIONS ON ACCESS NOTE
Standardized terminology for access restriction Необхідна авторизація на https://archive.org/ (створення облікового запису безкоштовно)
506 ## - RESTRICTIONS ON ACCESS NOTE
Standardized terminology for access restriction Необхідна авторизація на https://openlibrary.org/ (створення облікового запису безкоштовно)
650 #0 - SUBJECT ADDED ENTRY--TOPICAL TERM
Topical term or geographic name as entry element Aphorisms and apothegms.
856 41 - ELECTRONIC LOCATION AND ACCESS
Uniform Resource Identifier <a href="http://www.archive.org/details/tofriendsunnytho00begg">http://www.archive.org/details/tofriendsunnytho00begg</a>
Public note Free eBook from the Internet Archive
856 42 - ELECTRONIC LOCATION AND ACCESS
Uniform Resource Identifier <a href="http://www.openlibrary.org/books/OL2066195M">http://www.openlibrary.org/books/OL2066195M</a>
Public note Additional information and access via Open Library
942 ## - ADDED ENTRY ELEMENTS (KOHA)
Koha item type ЕКнига

Немає доступних примірників.